000 00524nam a22001697a 4500
008 130821s1911 fr gr fre
040 _aCo-BoUCM
_bspa
041 0 0 _afre
100 _aHugo, Victor
_d1802-1885
_9150739
245 0 4 _aLescontemplations
_cPar Victor Hugo
260 _aParís (Francia)
_bNelson, Editeurs
_c1911
300 _a476 páginas
490 _aCollection Nelson
650 0 4 _aPoesía francesa
_921811
942 _cLIBRO
_a18
_e1
_mH84CO
_n0
_2DEWEY
_h841.7
999 _c87814
_d87814